Gulliver's travels / (Record no. 27132)

MARC details
000 -CABECERA
campo de control de longitud fija 00832nam a2200253 a 4500
005 - FECHA Y HORA DE LA ÚLTIMA TRANSACCIÓN
campo de control 20240806064001.0
008 - ELEMENTOS DE LONGITUD FIJA--INFORMACIÓN GENERAL
campo de control de longitud fija 991125s1990 chi 000 0 eng u
020 ## - NÚMERO INTERNACIONAL NORMALIZADO PARA LIBROS
Número Internacional Estándar del Libro 0852295316
035 ## - NÚMERO DE CONTROL DEL SISTEMA
Número de control de sistema UPN01000027132
049 ## - COLECCIÓN
Colección CG
050 #4 - SIGNATURA TOPOGRÁFICA DE LA BIBLIOTECA DEL CONGRESO
Número de clasificación AC1
Número de documento/Ítem G7 1990 v.34
100 1# - ASIENTO PRINCIPAL--NOMBRE PERSONAL
Nombre de persona Swift, Jonathan,
Fechas asociadas al nombre 1667-1745
9 (RLIN) 33338
245 10 - MENCIÓN DE TÍTULO
Título Gulliver's travels /
Mención de responsabilidad, etc. Jonathan Swift.
260 ## - PUBLICACIÓN, DISTRIBUCIÓN, ETC.
Lugar de publicación, distribución, etc. Chicago, EUA :
Nombre del editor, distribuidor, etc. Encyclopaedia Britannica,
Fecha de publicación, distribución, etc. 1990.
300 ## - DESCRIPCIÓN FÍSICA
Extensión xxi, 303 p.
440 #0 - MENCIÓN DE SERIE/ASIENTO SECUNDARIO--TÍTULO
Título Great books of the western world ;
Designación de volumen o secuencia 34
501 ## - NOTA DE "CON"
Nota de “Con” Con: Candide / Voltaire -- Rameau's nephew / Denis Diderot
500 ## - NOTA GENERAL
Nota general Biografías: p. ix, 187, 253
650 #7 - ASIENTO SECUNDARIO DE MATERIA - TERMINO TEMATICO
Término de materia o nombre geográfico como elemento de entrada Filosofía francesa
Fuente del encabezamiento o término
9 (RLIN) 11991
650 #4 - ASIENTO SECUNDARIO DE MATERIA - TERMINO TEMATICO
Término de materia o nombre geográfico como elemento de entrada LITERATURA FRANCESA -
Subdivisión de forma TRADUCCIONES AL INGLES
650 #4 - ASIENTO SECUNDARIO DE MATERIA - TERMINO TEMATICO
Término de materia o nombre geográfico como elemento de entrada Literatura inglesa
9 (RLIN) 5228
650 #4 - ASIENTO SECUNDARIO DE MATERIA - TERMINO TEMATICO
Término de materia o nombre geográfico como elemento de entrada VIAJES IMAGINARIOS
9 (RLIN) 4444
905 ## - TIPO DE MATERIAL
Tipo de material Libro
Holdings
Estado de retiro Estado de pérdida Fuente del sistema de clasificación o colocación Estado dañado No para préstamo Código de colección Localización permanente Ubicación/localización actual Ubicación en estantería Fecha de adquisición Enumeración/cronología de publicación seriada Clasificación Código de barras Fecha visto por última vez Número de copia Tipo de ítem Koha
    Library of Congress Classification   Disponible (Préstamo en sala) Consulta Bib. Gregorio Torres Quintero Bib. Gregorio Torres Quintero Sala de lectura Sótano 30/06/2023 v.34 - AC1 G7 1990 v.34 159962 31/12/2020 1 Libro